De Caín a la clonacion : ensayos sobre el límite, lo prohibido y lo posible /
Guardado en:
| Autor Principal: | |
|---|---|
| Otros Autores: | , |
| Formato: | Libro |
| Publicado: |
Buenos Aires :
Altamira,
2001
|
| Series: | Coleccion Filosofía
|
| Materias: | |
| Etiquetas: |
Agregar Etiqueta
Sin Etiquetas, Sea el primero en etiquetar este registro!
|
| LEADER | 00826nam a22002415a 4500 | ||
|---|---|---|---|
| 001 | EHU.bham024892 | ||
| 008 | 130507s2001##################000#0#####d | ||
| 005 | 20230509095746.0 | ||
| 245 | 1 | 0 | |a De Caín a la clonacion : |b ensayos sobre el límite, lo prohibido y lo posible / |c Susana Barbosa, Mario Casalla, Eugenio Trías. |
| 260 | |a Buenos Aires : |b Altamira, |c 2001 | ||
| 300 | |a 234 p. | ||
| 490 | 0 | |a Coleccion Filosofía | |
| 100 | 1 | |a Barbosa, Susana | |
| 700 | 1 | |a Casalla, Mario | |
| 700 | 1 | |a Trías, Eugenio. | |
| 082 | 1 | 9 | |a 199.8 B234-1 |
| 653 | |a Ética | ||
| 653 | |a Filosofía | ||
| 653 | |a Filosofía argentina | ||
| 653 | |a Clonación | ||
| 653 | |a Sociología argentina | ||
| 859 | |a AR-BHAM |b BIB. HUMANIDADES - General |h 199.8 |i B234-1 |p 601.02 |t Ej.1 | ||
| 859 | |a AR-BHAM |b BIB. HUMANIDADES - General |h 199.8 |i B234-1 |p 34.14 |t Ej.2 | ||
